000 01224cam a2200325 a 4500
003 CHAP
005 20220329142511.0
008 010730d2001 mx a 00 spa d
010 _a84370
011 _a85342
035 _a95875
040 _cCHAP
100 0 0 _aAguilar Montero, Roberto.
_92773
245 0 0 _aEvaluación de dosis de nitrógeno, fósforo y biozyme TF tm en la variedad Mex 69-290 de caña de azúcar
_c/por Roberto Aguilar Montero
260 _aChapingo, Méx. :
_bEl autor,
_c2001.
300 _a68 h. :
_bilus. ; gráfs.
500 _aTesis (Ing. Agr. Esp. en Fitotecnia) -- UACH. Departamento de Fitotecnia
590 _aBATCH-UPD
_b10
_c20130110
_lUCH01
_h0724
590 _aBATCH-UPD
_b10
_c20130410
_lUCH01
_h0408
590 _aBATCH-UPD
_b10
_c20130914
_lUCH01
_h0837
590 _aCONVERSION
_b10
_c20130109
_lUCH01
_h1347
650 1 4 _aCaña de azúcar
_xRendimiento.
_918643
650 1 4 _aFósforo
_xEfecto en caña de azúcar.
_942221
650 1 4 _aNitrógeno
_xEfecto en caña de azúcar.
_981417
901 _aBK
905 _aLilia Sánchez G.
942 _cFOLL
949 _aTesis
_bBC
_cTES
_d33724000838918
_eTS2
_fc.2
_h38325
_i95875
_si
949 _aTesis
_bBC
_cTES
_d958751
_eTS1
_h38324
_i95875
_sb
999 _c84370
_d84370